[Event "RUS"]
[Site "?"]
[Date "2006.04.23"]
[Round "4"]
[White "Sorokin Maxim"]
[Black "Smirnov Pavel"]
[Result "1/2-1/2"]
[WhiteElo "2559"]
[BlackElo "2614"]
[PlyCount "31"]
[EventDate "2006.??.??"]
[Source "www.chesslib.no"]
[SourceDate "2004.05.04"]

1. c4 c5 2. Nf3 Nc6 3. Nc3 e5 4. e3 Nf6 5. Be2 d5 6. d4 exd4 7. exd4 Be6 8. Be3 dxc4 9. O-O cxd4 10. Nxd4 Nxd4 11. Bxd4 Qd7 12. Re1 Be7 13. Bxf6 Bxf6 14. Bxc4 Bxc3 15. bxc3 Qxd1 16. Raxd1 1/2-1/2

[Event "Camp. russo a squadre 2007"]
[Site "Sochi RUS"]
[Date "2007.05.07"]
[Round "6"]
[White "Maletin, P."]
[Black "Moiseenko, A1."]
[Result "1/2-1/2"]
[WhiteElo "2541"]
[BlackElo "2630"]
[PlyCount "101"]
[EventDate "2007.05.02"]
[Source "www.chesslib.no"]
[SourceDate "2004.05.04"]

1. Nf3 c5 2. c4 Nc6 3. Nc3 g6 4. e3 Bg7 5. d4 d6 6. Be2 Nf6 7. O-O O-O 8. d5 Na5 9. e4 e5 10. a3 b6 11. Ne1 Ne8 12. b4 Nb7 13. Nd3 f5 14. Rb1 Bd7 15. Bd2 f4 16. f3 Kh8 17. g4 Kg8 18. Rf2 Kh8 19. Rg2 h5 20. gxh5 g5 21. Nf2 Bh6 22. Ng4 Kh7 23. Qf1 Nf6 24. Nd1 Qe8 25. Ndf2 Qxh5 26. Nxf6+ Rxf6 27. Ng4 Rf7 28. Qf2 Rh8 29. Bc3 Bg7 30. Bd3 Kg6 31. Rb2 Bf6 32. Be1 Rfh7 33. Bf1 Kg7 34. Qe2 Qe8 35. Rf2 Bd8 36. b5 Bc7 37. h3 Nd8 38. Rh2 Nf7 39. Qd1 a6 40. a4 a5 41. Rh1 Bd8 42. Rbh2 Rh5 43. Qa1 R8h7 44. Qb2 Bc8 45. Qc2 Nh8 46. Qd2 Ng6 47. Qc2 Kf7 48. Qg2 Nh4 49. Bxh4 Rxh4 50. Qf2 Qh8 51. Qe2 1/2-1/2

[Event "Open"]
[Site "Bad Zwesten GER"]
[Date "1999.01.05"]
[Round "6"]
[White "Epishin, V."]
[Black "Baklan, V."]
[Result "1/2-1/2"]
[WhiteElo "2585"]
[BlackElo "2585"]
[PlyCount "75"]
[EventDate "1999.??.??"]
[Source "www.chesslib.no"]
[SourceDate "2004.05.04"]

1. Nf3 c5 2. c4 Nc6 3. Nc3 Nd4 4. Ng1 Nc6 5. Nf3 Nd4 6. g3 Nxf3+ 7. exf3 Qb6 8. Bg2 e6 9. O-O Nf6 10. f4 Be7 11. b3 O-O 12. Bb2 d6 13. Re1 Bd7 14. Ne4 Nxe4 15. Bxe4 f5 16. Bg2 Bf6 17. Bxf6 Rxf6 18. d3 Bc6 19. Bxc6 bxc6 20. Re2 Re8 21. Qd2 Kf7 22. Rd1 Ke7 23. Qc3 Qb4 24. Qa1 a5 25. d4 cxd4 26. Rxd4 a4 27. Qd1 axb3 28. axb3 Qa3 29. Qe1 Kf7 30. Re3 g6 31. b4 Qb2 32. Rd1 Qc2 33. Rc1 Qb2 34. Rb1 Qd4 35. Qe2 d5 36. Rd1 Qb6 37. b5 cxb5 38. cxd5 1/2-1/2

[Event "22nd Open"]
[Site "Andorra la Vella"]
[Date "2004.07.09"]
[Round "7"]
[White "Damljanovic, Branko"]
[Black "Felgaer, Ruben"]
[Result "1-0"]
[WhiteElo "2583"]
[BlackElo "2587"]
[PlyCount "99"]
[EventDate "2004.07.03"]
[Source "Roberto Alvarez"]
[SourceDate "2004.07.12"]

1. c4 c5 2. Nf3 Nc6 3. Nc3 g6 4. e3 d6 5. d4 cxd4 6. exd4 Bg4 7. d5 Ne5 8. Be2 Bxf3 9. Bxf3 Bg7 10. Be2 Nh6 11. O-O Nf5 12. Bd2 Rc8 13. b3 h5 14. Rc1 Qb6 15. Ne4 O-O 16. Bc3 Nd7 17. Bd3 Bd4 18. Ng5 Bxc3 19. Bxf5 Bf6 20. Nxf7 gxf5 21. Nh6+ Kg7 22. Qxh5 Rh8 23. Nxf5+ Kf8 24. Qe2 Ke8 25. Kh1 Kd8 26. f4 Kc7 27. g4 Rce8 28. g5 Bd4 29. b4 Kb8 30. Qd2 Be5 31. fxe5 Nxe5 32. Rf4 Rh3 33. Rcf1 Reh8 34. Nh6 Kc7 35. Qg2 Qe3 36. c5 Rh5 37. cxd6+ exd6 38. Qc2+ Kb6 39. Rf6 a6 40. Rxd6+ Ka7 41. Qc5+ Qxc5 42. bxc5 Rxg5 43. Nf7 Nxf7 44. Rxf7 Rhg8 45. Rf1 Rg2 46. Rd7 Rxa2 47. c6 Rb2 48. Rh7 Kb8 49. c7+ Kc8 50. Rd1 1-0

[Event "Wijk aan Zee"]
[Site "?"]
[Date "1989.??.??"]
[Round "?"]
[White "Ribli, Z."]
[Black "Benjamin, Joel"]
[Result "1/2-1/2"]
[WhiteElo "2625"]
[BlackElo "2545"]
[PlyCount "91"]
[EventDate "1989.??.??"]
[Source "ChessBase"]
[SourceDate "1989.01.01"]

1. Nf3 c5 2. c4 Nc6 3. Nc3 Nd4 4. e3 Nxf3+ 5. Qxf3 g6 6. b3 Bg7 7. Bb2 d6 8. g3 Rb8 9. Bg2 Nh6 10. Qd1 Nf5 11. Qc2 O-O 12. O-O a6 13. a4 Bd7 14. Nd5 e6 15. Bxg7 Nxg7 16. Nf4 Nf5 17. Qc3 Bc6 18. b4 Bxg2 19. Kxg2 cxb4 20. Qxb4 Ne7 21. Rfc1 d5 22. d4 Nc6 23. Qc3 dxc4 24. Qxc4 Qd6 25. Rab1 Rfc8 26. Rb6 Qd8 27. Rcb1 Na7 28. Qb3 Nb5 29. Rxe6 Nc3 30. Rb6 Nxb1 31. Qxb1 Qd7 32. a5 Rc6 33. Rb4 g5 34. Nd3 Rh6 35. h4 Qd5+ 36. f3 gxh4 37. Nf4 Qxa5 38. g4 Rc8 39. Kh3 Qa3 40. Rb3 Rc1 41. Qf5 Rh1+ 42. Kg2 Qc1 43. Qg5+ Kh8 44. Qd8+ Kg7 45. Qg5+ Kh8 46. Qd8+ 1/2-1/2

[Event "XX Carlos Torre Wimbledon"]
[Site "Merida MEX"]
[Date "2007.12.19"]
[Round "1.2"]
[White "Meier, Geo"]
[Black "Tregubov, P."]
[Result "1-0"]
[WhiteElo "2558"]
[BlackElo "2609"]
[PlyCount "106"]
[EventDate "2007.12.19"]
[Source "www.chesslib.no"]
[SourceDate "2004.05.04"]

1. Nf3 c5 2. c4 Nc6 3. Nc3 e5 4. e3 Nf6 5. d4 cxd4 6. exd4 e4 7. Ne5 Bb4 8. Be2 Qa5 9. Nxc6 dxc6 10. Bd2 O-O 11. O-O Re8 12. a3 Bxc3 13. Bxc3 Qg5 14. Qc1 Qg6 15. Re1 h6 16. Qe3 Bf5 17. Bf1 Rad8 18. Rad1 b6 19. a4 a5 20. h3 Rd7 21. Ra1 Red8 22. Ra3 Re7 23. Rb3 Nd7 24. Qf4 Qg5 25. Bd2 Qxf4 26. Bxf4 Rc8 27. g4 Bg6 28. Bd6 Re6 29. c5 bxc5 30. dxc5 Ne5 31. Rd1 h5 32. Be2 hxg4 33. hxg4 Rd8 34. Rb7 Nd3 35. f3 Rde8 36. Kf1 Rf6 37. b4 Nxb4 38. f4 Nd5 39. f5 Ne3+ 40. Ke1 Bxf5 41. gxf5 Nxd1 42. Bxd1 Rxf5 43. Bg4 Rd5 44. Bd7 Rd8 45. Ke2 Rd4 46. Bxc6 f5 47. Bd7 Kf7 48. Bxf5+ Kf6 49. Rd7 Rh8 50. Be7+ Ke5 51. Rxd4 Kxd4 52. Bd6 Rh5 53. c6 Kd5 1-0

[Event "Gawlikowski mem 18th"]
[Site "?"]
[Date "1999.??.??"]
[Round "?"]
[White "Van Wely Loek"]
[Black "Gdanski Jacek"]
[Result "1-0"]
[WhiteElo "2636"]
[BlackElo "2530"]
[PlyCount "57"]
[EventDate "1999.??.??"]
[Source "www.chesslib.no"]
[SourceDate "2004.05.04"]

1. d4 g6 2. c4 Bg7 3. Nc3 c5 4. Nf3 cxd4 5. Nxd4 Nc6 6. Nc2 d6 7. Bd2 Nf6 8. e4 O-O 9. Be2 Be6 10. O-O Rc8 11. f4 Qd7 12. h3 a6 13. Ne3 Nd4 14. Bd3 b5 15. cxb5 axb5 16. f5 Bc4 17. Bxc4 bxc4 18. Ned5 Nxd5 19. Nxd5 Rb8 20. f6 exf6 21. Bc3 Ne6 22. Nxf6+ Bxf6 23. Rxf6 Rfe8 24. Qd2 Re7 25. Rd1 Qe8 26. Rff1 Rb6 27. Qf2 Nc5 28. Qf6 Re5 29. Bxe5 1-0

[Event "EUCup Gr3"]
[Site "Lubniewice"]
[Date "1994.??.??"]
[Round "2"]
[White "Ftacnik, Lubomir"]
[Black "Krasenkow, Michal"]
[Result "1/2-1/2"]
[WhiteElo "2570"]
[BlackElo "2595"]
[PlyCount "53"]
[EventDate "1994.??.??"]
[Source "ChessBase"]

1. c4 c5 2. Nf3 Nc6 3. Nc3 Nd4 4. Ne5 Nc6 5. Nxc6 dxc6 6. g3 e5 7. Bg2 Nf6 8. b3 Bf5 9. Bb2 Bd6 10. d3 Qd7 11. Qd2 Bh3 12. Bxh3 Qxh3 13. O-O-O O-O-O 14. f3 h5 15. Qg5 Qe6 16. Ne4 Nxe4 17. dxe4 Qh6 18. Qxh6 Rxh6 19. Rd3 Bc7 20. Rhd1 Rxd3 21. Rxd3 Rd6 22. Kd2 Kd7 23. Ke3 g5 24. Bc1 Ke6 25. Kf2 f6 26. Be3 b6 27. Rxd6+ 1/2-1/2

[Event "Munich"]
[Site "Munich"]
[Date "1992.??.??"]
[Round "4"]
[White "Hansen, Curt"]
[Black "Lutz, Christopher"]
[Result "1-0"]
[WhiteElo "2620"]
[BlackElo "2540"]
[PlyCount "73"]
[EventDate "1992.05.??"]
[Source "ChessBase"]

1. Nf3 c5 2. c4 Nc6 3. Nc3 Nd4 4. Ne5 g6 5. e3 Bg7 6. exd4 cxd4 7. Nxf7 Kxf7 8. Ne4 Qa5 9. Be2 Nh6 10. O-O Re8 11. c5 Kg8 12. Bc4+ e6 13. d3 Nf7 14. b4 Qd8 15. Bf4 b6 16. Qg4 Bb7 17. Nd6 Nxd6 18. Bxd6 bxc5 19. bxc5 Bc6 20. Rfe1 Qa5 21. Rab1 Kh8 22. h4 Rg8 23. Re2 Qc3 24. Qg3 Bf8 25. Reb2 Bg7 26. Bb5 Bxb5 27. Rxb5 Qc2 28. a3 Qc3 29. Rb7 Qxa3 30. c6 Qa4 31. c7 Rac8 32. Rb8 Qc2 33. Kh2 Qc6 34. Rxc8 Rxc8 35. Rb8 Rg8 36. h5 gxh5 37. Be5 1-0

[Event "7th BayEM"]
[Site "Bad Wiessee"]
[Date "2003.11.16"]
[Round "9"]
[White "Landa, Konstantin"]
[Black "Atalik, Suat"]
[Result "1/2-1/2"]
[WhiteElo "2587"]
[BlackElo "2570"]
[PlyCount "45"]
[EventDate "2003.11.08"]
[Source "Roberto Alvarez"]
[SourceDate "2003.11.17"]

1. c4 c5 2. Nc3 g6 3. Nf3 Bg7 4. d4 cxd4 5. Nxd4 Nc6 6. e3 Nf6 7. Be2 d5 8. O-O O-O 9. cxd5 Nxd5 10. Nxc6 bxc6 11. Na4 Bf5 12. Bd2 Rb8 13. Qc1 Qd6 14. Rd1 Qf6 15. Bf3 Qe5 16. Qc4 Nb6 17. Nxb6 Rxb6 18. Bc3 Qb5 19. Qxb5 cxb5 20. Rac1 Rc8 21. Bxg7 Kxg7 22. Kf1 b4 23. Ke1 1/2-1/2

[Event "Plzen m"]
[Site "?"]
[Date "2001.??.??"]
[Round "2.1"]
[White "Stocek Jiri"]
[Black "Movsesian Sergei"]
[Result "1/2-1/2"]
[WhiteElo "2530"]
[BlackElo "2627"]
[PlyCount "51"]
[EventDate "2001.??.??"]
[Source "www.chesslib.no"]
[SourceDate "2004.05.04"]

1. Nf3 c5 2. c4 Nc6 3. Nc3 e5 4. e3 Nf6 5. d4 cxd4 6. exd4 e4 7. Ne5 Bb4 8. Be2 Qa5 9. Nxc6 dxc6 10. O-O O-O 11. Bd2 Rd8 12. a3 Bxc3 13. Bxc3 Qg5 14. Qc1 Qg6 15. Qe3 h5 16. Rad1 Bg4 17. h3 Bxe2 18. Qxe2 Rd7 19. d5 cxd5 20. Bxf6 Qxf6 21. Rxd5 Rxd5 22. cxd5 Qe5 23. Rd1 Rd8 24. d6 Rxd6 25. Rxd6 Qxd6 26. Qxe4 1/2-1/2

[Event "CRO-Cup"]
[Site "Pula"]
[Date "1997.??.??"]
[Round "?"]
[White "Gabriel, Christian"]
[Black "Lalic, Bogdan"]
[Result "1/2-1/2"]
[WhiteElo "2570"]
[BlackElo "2585"]
[PlyCount "24"]
[EventDate "1997.??.??"]
[Source "www.chesslib.no"]
[SourceDate "2004.05.04"]

1. Nf3 c5 2. c4 Nc6 3. Nc3 Nd4 4. e3 Nxf3+ 5. Qxf3 g6 6. b3 Bg7 7. Bb2 d6 8. g3 Rb8 9. Bg2 Nh6 10. h3 Nf5 11. Qe2 a6 12. O-O b5 1/2-1/2

[Event "Deildakeppni 9596"]
[Site "Gardaboer"]
[Date "1996.03.??"]
[Round "?"]
[White "Hjartarson, Johann"]
[Black "Petursson, Margeir"]
[Result "1/2-1/2"]
[WhiteElo "2570"]
[BlackElo "2585"]
[PlyCount "49"]
[EventDate "1996.??.??"]
[Source "www.chesslib.no"]
[SourceDate "2004.05.04"]

1. Nf3 c5 2. c4 g6 3. Nc3 Bg7 4. g3 Nc6 5. Bg2 d6 6. O-O Nf6 7. d4 cxd4 8. Nxd4 Bd7 9. Nc2 O-O 10. b3 Qa5 11. Bd2 Rfc8 12. h3 Rab8 13. Rc1 a6 14. e4 b5 15. Nd5 Qd8 16. cxb5 Rxb5 17. Nce3 Nxd5 18. Nxd5 Rc5 19. Rxc5 dxc5 20. Re1 e6 21. Ne3 Nb4 22. Nc4 Bb5 23. Bxb4 Qxd1 24. Rxd1 cxb4 25. Bf1 1/2-1/2

[Event "Jerusalem"]
[Site "?"]
[Date "1997.??.??"]
[Round "?"]
[White "Greenfeld, A."]
[Black "Yudasin, L."]
[Result "1-0"]
[WhiteElo "2540"]
[BlackElo "2610"]
[PlyCount "75"]
[EventDate "1997.??.??"]
[Source "ChessBase"]
[SourceDate "1997.06.01"]

1. Nf3 c5 2. c4 Nc6 3. Nc3 Nd4 4. Ne5 Qc7 5. f4 f6 6. Ng4 Qxf4 7. e3 Nc2+ 8. Qxc2 Qxg4 9. d4 cxd4 10. exd4 Qxd4 11. Nd5 Kf7 12. Be3 Qe5 13. O-O-O g6 14. Bd4 Qb8 15. Bd3 d6 16. h4 e5 17. h5 Bh6+ 18. Be3 Bg4 19. Bxg6+ Kg7 20. Rdf1 Bxe3+ 21. Nxe3 Be6 22. h6+ Kf8 23. Bxh7 Ke7 24. Qg6 Qf8 25. Qg7+ Qxg7 26. hxg7 Rxh7 27. Rxh7 Rc8 28. Kd2 Kf7 29. b3 Kg6 30. Rhh1 Rd8 31. g4 Kxg7 32. Kc3 d5 33. cxd5 Bxd5 34. Nf5+ Kg6 35. Rh8 Rc8+ 36. Kb2 Kg5 37. Rh7 Kxg4 38. Ne3+ 1-0

[Event "Lucerne"]
[Site "Lucerne SUI"]
[Date "1989.??.??"]
[Round "?"]
[White "Speelman, Jonathan S"]
[Black "Xu Jun"]
[Result "1-0"]
[WhiteElo "2640"]
[BlackElo "2510"]
[PlyCount "47"]
[EventDate "1989.??.??"]
[Source "www.chesslib.no"]
[SourceDate "2004.05.04"]

1. Nf3 c5 2. c4 Nc6 3. Nc3 g6 4. e3 d6 5. d4 cxd4 6. exd4 Bg4 7. Be2 Bg7 8. O-O Nh6 9. d5 Bxf3 10. Bxf3 Ne5 11. Be4 f5 12. Bc2 O-O 13. Ne2 Nxc4 14. Nd4 Rf6 15. Bb3 Rc8 16. Re1 Ng4 17. h3 Nge5 18. Re2 Rc5 19. Bg5 Qa5 20. Bxf6 Bxf6 21. Rc1 Kh8 22. Bxc4 Rxc4 23. Ne6 Kg8 24. Rxe5 1-0

[Event "XIII festival A"]
[Site "Zupanja CRO"]
[Date "2007.01.06"]
[Round "5.1"]
[White "Sedlak, Nikola"]
[Black "Predojevic, Borki"]
[Result "1/2-1/2"]
[WhiteElo "2561"]
[BlackElo "2587"]
[PlyCount "25"]
[EventDate "2007.01.03"]
[Source "www.chesslib.no"]
[SourceDate "2004.05.04"]

1. c4 c5 2. Nc3 Nc6 3. Rb1 Rb8 4. g3 g6 5. Bg2 Bg7 6. a3 a6 7. e3 e6 8. Nge2 Nge7 9. O-O O-O 10. b4 cxb4 11. axb4 b5 12. c5 d5 13. cxd6 1/2-1/2

[Event "UKR-chT"]
[Site "Alushta"]
[Date "2000.??.??"]
[Round "3"]
[White "Savchenko, Stanislav"]
[Black "Moiseenko, Alexander"]
[Result "1/2-1/2"]
[WhiteElo "2574"]
[BlackElo "2573"]
[PlyCount "51"]
[EventDate "2000.04.15"]
[Source "www.chesslib.no"]
[SourceDate "2004.05.04"]

1. Nf3 c5 2. c4 Nc6 3. Nc3 g6 4. e3 Bg7 5. d4 d6 6. d5 Na5 7. e4 Nf6 8. Be2 O-O 9. O-O e5 10. a3 b6 11. b4 Nb7 12. Bg5 h6 13. Bd2 Ne8 14. Qc1 Kh7 15. Qc2 Bd7 16. Rab1 Rc8 17. g3 f5 18. exf5 Bxf5 19. Qd1 cxb4 20. Rxb4 g5 21. Be3 Nc5 22. Rb5 Qf6 23. Nd2 Nc7 24. Rb2 e4 25. Rc2 Rce8 26. Rc1 1/2-1/2

[Event "Koszalin"]
[Site "?"]
[Date "1999.??.??"]
[Round "?"]
[White "Pigusov, E."]
[Black "Sherbakov, R."]
[Result "1/2-1/2"]
[WhiteElo "2605"]
[BlackElo "2540"]
[PlyCount "25"]
[EventDate "1999.??.??"]
[Source "Chess Informant"]
[SourceDate "1999.06.01"]

1. c4 c5 2. Nf3 Nc6 3. Nc3 g6 4. e3 d6 5. d4 cxd4 6. exd4 Bg4 7. Be2 Bg7 8. h3 Bxf3 9. Bxf3 Nh6 10. g4 O-O 11. Be3 Kh8 12. Qd2 Ng8 13. O-O 1/2-1/2

[Event "Cap d'Agde-A"]
[Site "Cap d'Agde"]
[Date "1998.10.26"]
[Round "3"]
[White "Dorfman, Josif D"]
[Black "Hamdouchi, Hichem"]
[Result "1/2-1/2"]
[WhiteElo "2585"]
[BlackElo "2555"]
[PlyCount "29"]
[EventDate "1998.10.??"]
[Source "www.chesslib.no"]
[SourceDate "2004.05.04"]

1. Nf3 c5 2. c4 Nc6 3. Nc3 g6 4. e3 Bg7 5. d4 d6 6. d5 Ne5 7. Nd2 f5 8. Be2 Nf6 9. f4 Nf7 10. O-O O-O 11. Bf3 Rb8 12. Re1 e5 13. a4 g5 14. Nf1 Bh6 15. g3 1/2-1/2

[Event "Porz"]
[Site "Porz"]
[Date "1992.??.??"]
[Round "4"]
[White "Vaganian, Rafael A"]
[Black "Smejkal, Jan"]
[Result "1/2-1/2"]
[WhiteElo "2615"]
[BlackElo "2525"]
[PlyCount "45"]
[EventDate "1992.08.??"]
[Source "ChessBase"]

1. Nf3 Nf6 2. c4 c5 3. g3 g6 4. Bg2 Bg7 5. d4 cxd4 6. Nxd4 O-O 7. Nc3 Nc6 8. Nc2 d6 9. O-O Qa5 10. Nd5 Nxd5 11. cxd5 Ne5 12. Bd2 Qb6 13. Bc3 Bd7 14. Bd4 Qa6 15. b3 Rac8 16. Ne3 Bb5 17. Re1 Nd3 18. Bxg7 Nxe1 19. Bxf8 Nxg2 20. Bxe7 Nxe3 21. fxe3 Bxe2 22. Qd2 Qd3 23. Qxd3 1/2-1/2

[Event "Bank Zachodni Open"]
[Site "Swidnica POL"]
[Date "1999.08.22"]
[Round "2"]
[White "Morris, Terry"]
[Black "Steiner, Bruno"]
[Result "1/2-1/2"]
[WhiteElo "2483"]
[BlackElo "2656"]
[PlyCount "82"]
[EventDate "1999.06.28"]
[Source "www.chesslib.no"]
[SourceDate "2004.05.04"]

1. Nf3 c5 2. c4 Nc6 3. Nc3 Nd4 4. e3 Nxf3+ 5. Qxf3 g6 6. b3 Bg7 7. Bb2 Rb8 8. Qd1 a6 9. Qc2 Nf6 10. Ne4 Qb6 11. Be5 d6 12. Nxf6+ exf6 13. Bc3 Qd8 14. a4 O-O 15. Be2 d5 16. cxd5 Qxd5 17. O-O b5 18. axb5 axb5 19. Bf3 Qd6 20. d4 f5 21. Rfd1 f4 22. d5 fxe3 23. Bxg7 exf2+ 24. Qxf2 Kxg7 25. Rac1 c4 26. bxc4 bxc4 27. Rxc4 Bd7 28. Qd4+ Kg8 29. Rdc1 Rb6 30. Rc7 Rfb8 31. Qc5 h5 32. Qxd6 Rxd6 33. h4 Kg7 34. Kf2 Re8 35. Ra1 Kf6 36. Raa7 Rd8 37. Ke3 Ke5 38. Rc4 Rb6 39. Re4+ Kd6 40. Kf4 f6 41. Rc4 Re8 1/2-1/2

[Event "Memorial Xose Enrique Rodriguez Pena"]
[Site "Ourense SPA"]
[Date "2007.06.07"]
[Round "1"]
[White "Strikovic, A."]
[Black "Felgaer, R."]
[Result "1-0"]
[WhiteElo "2563"]
[BlackElo "2574"]
[PlyCount "77"]
[EventDate "2007.06.07"]
[Source "www.chesslib.no"]
[SourceDate "2004.05.04"]

1. Nf3 c5 2. c4 Nc6 3. Nc3 e5 4. e3 Nf6 5. d4 cxd4 6. exd4 e4 7. Ne5 Bb4 8. Be2 Qa5 9. Nxc6 dxc6 10. Bd2 O-O 11. O-O Re8 12. a3 Bxc3 13. Bxc3 Qg5 14. Qc1 Qg6 15. Qf4 h5 16. Rfe1 Bg4 17. Rad1 Rad8 18. Kf1 b5 19. b3 e3 20. f3 Bf5 21. d5 Bc2 22. Rc1 cxd5 23. cxb5 Bxb3 24. Bd4 Rd7 25. Rc3 Bc4 26. Rxe3 Bxe2+ 27. R1xe2 Rxe3 28. Rxe3 Qb1+ 29. Kf2 Qc2+ 30. Kg3 Qc4 31. Rc3 Qe2 32. Rc8+ Ne8 33. Qe3 Re7 34. Qxe2 Rxe2 35. Bxa7 Kh7 36. Bc5 Nf6 37. b6 Nd7 38. b7 Rb2 39. Bb4 1-0

[Event "Batumi"]
[Site "?"]
[Date "1999.??.??"]
[Round "?"]
[White "Mikhalchishin, A."]
[Black "Avrukh, B."]
[Result "1/2-1/2"]
[WhiteElo "2550"]
[BlackElo "2585"]
[PlyCount "68"]
[EventDate "1999.??.??"]
[Source "Chess Informant"]
[SourceDate "1999.10.01"]

1. Nf3 c5 2. c4 Nc6 3. Nc3 e5 4. e3 Nf6 5. d4 cxd4 6. exd4 e4 7. Ne5 Bd6 8. f4 O-O 9. Be2 b6 10. Be3 Ne7 11. O-O Nf5 12. Bf2 Bb4 13. Rc1 Bb7 14. a3 Bxc3 15. Rxc3 Re8 16. Re1 Rc8 17. d5 e3 18. Bxe3 d6 19. Bg4 Nxg4 20. Nxg4 h5 21. Nf2 Nxe3 22. Rcxe3 Rxe3 23. Rxe3 Rxc4 24. Qxh5 Rc1+ 25. Nd1 g6 26. Qe2 Qf6 27. Qd2 Rc4 28. g3 Qd4 29. Qxd4 Rxd4 30. Nc3 Bxd5 31. Nxd5 Rxd5 32. Kf2 Rd2+ 33. Re2 Rd3 34. Re3 Rd2+ 1/2-1/2

[Event "PCA/Intel-GP"]
[Site "Paris"]
[Date "1995.??.??"]
[Round "1"]
[White "Bacrot, Etienne"]
[Black "Kramnik, Vladimir"]
[Result "1/2-1/2"]
[WhiteElo "2395"]
[BlackElo "2730"]
[PlyCount "71"]
[EventDate "1995.11.??"]
[Source "ChessBase"]

1. c4 c5 2. Nf3 Nc6 3. d4 cxd4 4. Nxd4 Nf6 5. g3 d6 6. Bg2 Bd7 7. O-O g6 8. Nc3 Bg7 9. Nc2 O-O 10. b3 a6 11. Bb2 Qa5 12. a4 Ng4 13. Qd2 Qh5 14. h3 Nf6 15. Kh2 Ne5 16. Ne3 Bh6 17. f4 Neg4+ 18. Nxg4 Nxg4+ 19. Kh1 Nf6 20. Kh2 Qa5 21. Ne4 Qxd2 22. Nxd2 Bc6 23. Bxf6 exf6 24. Ne4 Bxe4 25. Bxe4 Rab8 26. Rfd1 f5 27. Bf3 Rfd8 28. Rd5 Bf8 29. Rad1 Re8 30. R1d3 h5 31. Kg2 b6 32. Kf2 Kg7 33. h4 Kg8 34. Re3 Rec8 35. Red3 Re8 36. Re3 1/2-1/2